Foreign Investment in U.S. Securities.

Examines foreign investments in U.S. corporate stocks and bonds and Treasury securities, in light of concerns about the potential risk to the U.S. economy posed by a sudden and/or coordinated withdrawal of foreign capital inflows from U.S. financial markets. Presents an overview of capital flows in...

Full description

Bibliographic Details
Corporate Authors: Library of Congress. Congressional Research Service, ProQuest (Firm)
Format: eBook
Language:English
Published: [Place of publication not identified] : [publisher not identified], 2005.
Series:U.S. Congressional Research.
Subjects:
Online Access:Connect to the full text of this electronic book

MARC

Tag First Indicator Second Indicator Subfields
LEADER 00000cam a22000001a 4500
001 in00003296708
006 m d f
007 cr bn mmmapmmp
008 101203s2005 dcu o f000 0 eng d
005 20260430164313.2
035 |a cis2007848822 
040 |a ProQuest  |c ProQuest  |d UtOrBLW 
043 |a n-us--- 
099 |a CRS-2005-FDT-0071 
110 2 |a Library of Congress.  |b Congressional Research Service. 
245 1 0 |a Foreign Investment in U.S. Securities. 
264 1 |a [Place of publication not identified] :  |b [publisher not identified],  |c 2005. 
300 |a 1 online resource. 
336 |a text  |b txt  |2 rdacontent 
337 |a computer  |b c  |2 rdamedia 
338 |a online resource  |b cr  |2 rdacarrier 
500 |a Record is based on bibliographic data in ProQuest U.S. Congressional Research Digital Collection (last viewed Dec. 2010). Reuse except for individual research requires license from ProQuest, LLC. 
500 |a CRS Report. 
520 |a Examines foreign investments in U.S. corporate stocks and bonds and Treasury securities, in light of concerns about the potential risk to the U.S. economy posed by a sudden and/or coordinated withdrawal of foreign capital inflows from U.S. financial markets. Presents an overview of capital flows in the economy and the relationship between capital flows and the dollar. Provides information on purchases and sales of U.S. securities by foreign investors, and outlines possible economic implications. Includes tables and graphs. 
500 |a Electronic resource. 
650 0 |a Corporations. 
650 0 |a International economic relations. 
650 0 |a Foreign exchange. 
655 7 |a Electronic books.  |2 local 
710 2 |a ProQuest (Firm) 
776 0 8 |i Microfiche version:   |a Library of Congress. Congressional Research Service.  |t Foreign Investment in U.S. Securities 
830 0 |a U.S. Congressional Research. 
856 4 0 |u http://proxy.library.tamu.edu/login?url=https://congressional.proquest.com/congcomp/getdoc?CRDC-ID=CRS-2005-FDT-0071  |z Connect to the full text of this electronic book  |t 0 
999 |a MARS 
999 f f |s 970ea4ae-c23f-3c51-8c92-7aef4f1c245c  |i 8d6fafbd-18ad-3cdf-9e3a-de134d65f426  |t 0 
952 f f |a Texas A&M University  |b College Station  |c Electronic Resources  |s www_evans  |d Available Online  |t 0  |e CRS-2005-FDT-0071  |h Other scheme 
998 f f |a CRS-2005-FDT-0071  |t 0  |l Available Online